| 000 | 00348nam a22001097a 4500 | ||
|---|---|---|---|
| 008 | 230606b xxu||||| |||| 00| 0 eng d | ||
| 082 |
_a338.46862 _bKEN |
||
| 245 |
_aEconomic Stimulus Programme _cOvercoming Today's Challenges for a Better Kenya Tomorrow |
||
| 260 |
_aKenya _bGovernment of the Republic of Kenya _c2009 |
||
| 300 | _a62 p | ||
| 942 |
_2ddc _cBK |
||
| 999 |
_c587 _d587 |
||